LEADER 01301nam a2200301 i 4500 001 000000120383 003 CaOOAMICUS 005 20050706000000.0 008 050706s1988 it u000 u ita u 013 $a93077 020 $a88-420-3301-4 040 $aSeMil$bita 245 10$aItalia rurale /$ca cura di Corrado Barberis e Gian Giacomo Dell'Angelo ; prefazione di Calogero Mannino ; introduzione di Giuseppe Medici. 260 $aRoma ; Bari :$bLaterza,$c1988. 300 $aIX, 526 p. ;$c21 cm. 490 0 $aStoria e società 650 4$aAgricoltura - Italia.$0(OLS)http://semarc/subject/22663 700 1 $aBarberis, Corrado.$0(OLS)http://semarc/name/50102 700 1 $aMedici, Giuseppe.$0(OLS)http://semarc/name/50105 700 1 $aMannino, Calogero.$0(OLS)http://semarc/name/50104 700 1 $aDell'Angelo, Gian Giacomo.$0(OLS)http://semarc/name/50103 830 0$aStoria e società.$0(OLS)http://semarc/title/2818 850 $aSeMil 852 $aSeMil$W1$xVenegono$y1$m3U III 288$j75570$B75570$CSeMilBibl$Z2$F99939 $81 961 $aLascito: Colombo Card. Giovanni 996 $6020$a88-420-3301-4$9(OLS)http://semarc/number/105609 996 $6245$aItalia rurale$9(OLS)http://semarc/title/177162 996 $6260$aRoma ; Bari :$bLaterza$9(OLS)http://semarc/publisher/30305 LEADER 01380nam a2200301 i 4500 001 000000121538 003 CaOOAMICUS 005 20260424164621.0 008 031223s1989 it u000 u ita u 020 $a88-18-89009-3 040 $aSeMil$bita 240 10$aMountain Wolf Woman :$bSister of crashing thunder : the autobiography of a Winnebago indian.$0(OLS)http://semarc/title/231549 245 10$aDonna lupo di montagna :$bautobiografia di un'Indiana Winnebago /$ca cura di Nancy Oestreich Lurie ; prefazione di Ruth Underhill. 264 1$aMilano :$bRusconi,$c1989. 300 $a173 p., [8] p. di tav. ;$c22 cm. 490 1 $aLa sacra pipa 650 4$aIndiani d'America - Winnebago.$0(OLS)http://semarc/subject/30889 700 1 $aOestreich Lurie, Nancy.$0(OLS)http://semarc/name/50517 700 1 $aUnderhill, Ruth.$0(OLS)http://semarc/name/50518 830 3$aLa sacra pipa.$0(OLS)http://semarc/title/14219 850 $aSeMil 852 $aSeMil$W1$xVenegono$y1$m3R IV 15$j270952$B76607$CSeMilBibl$Z2$F78315 $81 941 1 $a4 961 $aOmaggio: Martini Card. Carlo Maria 996 $6020$a88-18-89009-3$9(OLS)http://semarc/number/107017 996 $6245$aDonna lupo di montagna :$bautobiografia di un'Indiana Winnebago$9(OLS)http://semarc/title/178920 996 $6264$aMilano :$bRusconi$9(OLS)http://semarc/publisher/30258